[Event "Prague op-A 14th"]
[Site "Prague"]
[Date "2015.01.12"]
[Round "5"]
[White "Pavelka, Jindrich"]
[Black "Rydl, Jiri"]
[Result "0-1"]
[WhiteElo "2174"]
[BlackElo "2354"]
[PlyCount "60"]
[EventDate "2015.01.09"]
[EventType "swiss"]
[EventRounds "9"]
[EventCountry "CZE"]
[SourceTitle "CBM 164 Extra"]
[Source "ChessBase"]
[SourceDate "2015.03.02"]
[SourceVersion "1"]
[SourceVersionDate "2015.03.02"]
[SourceQuality "1"]

1. e4 e6 2. d4 d5 3. Nc3 Bb4 4. exd5 Qxd5 5. Nf3 Bd7 6. Bd2 Bxc3 7. Bxc3 Nf6 8. Bd3 Bb5 9. 0-0 Nc6 10. Re1 0-0-0 11. a4 Bxd3 12. Qxd3 g5 13. Qe3 Rhg8 14. Ne5 Rdf8 15. b4 Ne7 16. Bb2 Nf5 17. Qd3 Nh4 18. Qf1 Nh5 19. c4 Qd8 20. a5 f6 21. a6 fxe5 22. axb7+ Kb8 23. Rxa7 Kxa7 24. Ra1+ Kxb7 25. c5 Qd5 26. Qa6+ Kb8 27. f3 Rxf3 28. gxf3 Qxf3 29. Qa7+ Kc8 30. Qa8+ Kd7 0-1

[Event "Prague op-A 14th"]
[Site "Prague"]
[Date "2015.01.10"]
[Round "2"]
[White "Simantsev, Mikhail"]
[Black "Pavelka, Jindrich"]
[Result "1-0"]
[WhiteElo "2432"]
[BlackElo "2174"]
[PlyCount "65"]
[EventDate "2015.01.09"]
[EventType "swiss"]
[EventRounds "9"]
[EventCountry "CZE"]
[SourceTitle "CBM 164 Extra"]
[Source "ChessBase"]
[SourceDate "2015.03.02"]
[SourceVersion "1"]
[SourceVersionDate "2015.03.02"]
[SourceQuality "1"]

1. d4 d5 2. c4 e6 3. Nc3 Nf6 4. Nf3 c6 5. e3 Nbd7 6. Qc2 Bd6 7. b3 0-0 8. Be2 b6 9. 0-0 Bb7 10. Bb2 Qe7 11. Rad1 Rfe8 12. Rfe1 Rad8 13. g3 dxc4 14. bxc4 e5 15. Bf1 exd4 16. exd4 Qf8 17. Bg2 Bb8 18. Qb3 Rxe1+ 19. Rxe1 Re8 20. Rd1 Qe7 21. a4 Qe6 22. d5 cxd5 23. cxd5 Qf5 24. Nd4 Qh5 25. Nc6 Bd6 26. Nb5 Bc5 27. Bd4 Bxd4 28. Nbxd4 Nc5 29. Qc2 Nxd5 30. Bf3 Nb4 31. Qc4 Qh3 32. Qxb4 Nd3 33. Rxd3 1-0

[Event "CZE-chT1E 1314"]
[Site "Czech Republic"]
[Date "2014.02.23"]
[Round "8.6"]
[White "Mrazek, Lumir"]
[Black "Pavelka, Jindrich"]
[Result "1-0"]
[WhiteElo "2211"]
[BlackElo "2203"]
[PlyCount "51"]
[EventDate "2013.10.20"]
[EventType "team-tourn"]
[EventRounds "11"]
[EventCountry "CZE"]
[SourceTitle "EXT 2015"]
[Source "ChessBase"]
[SourceDate "2014.11.20"]
[SourceVersion "1"]
[SourceVersionDate "2014.11.20"]
[SourceQuality "1"]
[WhiteTeam "Orlova Slavia"]
[BlackTeam "Kromeriz"]
[WhiteTeamCountry "CZE"]
[BlackTeamCountry "CZE"]

1. e4 e6 2. d4 d5 3. Nd2 c5 4. c3 cxd4 5. cxd4 dxe4 6. Nxe4 Nf6 7. Nxf6+ Qxf6 8. Nf3 Bb4+ 9. Bd2 Bxd2+ 10. Qxd2 0-0 11. Bd3 Rd8 12. 0-0 Nc6 13. Rfd1 Bd7 14. Rac1 Be8 15. b4 g6 16. Be4 Rab8 17. Bxc6 Bxc6 18. Ne5 Bd5 19. Rc7 Rbc8 20. Rxf7 Qxf7 21. Nxf7 Kxf7 22. Rc1 a6 23. h4 Kg7 24. h5 gxh5 25. Qg5+ Kh8 26. Rc7 1-0

[Event "CZE-chT1E 1314"]
[Site "Czech Republic"]
[Date "2013.11.24"]
[Round "3.5"]
[White "Sochorova, Petra"]
[Black "Pavelka, Jindrich"]
[Result "1/2-1/2"]
[WhiteElo "2183"]
[BlackElo "2203"]
[PlyCount "40"]
[EventDate "2013.10.20"]
[EventType "team-tourn"]
[EventRounds "11"]
[EventCountry "CZE"]
[SourceTitle "EXT 2015"]
[Source "ChessBase"]
[SourceDate "2014.11.20"]
[SourceVersion "1"]
[SourceVersionDate "2014.11.20"]
[SourceQuality "1"]
[WhiteTeam "Brno Lokomotiva"]
[BlackTeam "Kromeriz"]
[WhiteTeamCountry "CZE"]
[BlackTeamCountry "CZE"]

1. e4 d6 2. d4 Nf6 3. Nc3 g6 4. Bg5 Bg7 5. Qd2 h6 6. Be3 Ng4 7. Bf4 e5 8. dxe5 g5 9. Bg3 Nxe5 10. h4 Nbc6 11. 0-0-0 Be6 12. hxg5 hxg5 13. Rxh8+ Bxh8 14. Nd5 Ng6 15. Nf3 Bg4 16. Be2 Bxf3 17. Bxf3 Nce5 18. Be2 a5 19. Rh1 c6 20. Ne3 Qf6 1/2-1/2

[Event "CZE-chT1E 1213"]
[Site "Czech Republic"]
[Date "2013.04.07"]
[Round "10.6"]
[White "Pavelka, Jindrich"]
[Black "Koutny, Petr"]
[Result "0-1"]
[WhiteElo "2245"]
[BlackElo "2175"]
[PlyCount "102"]
[EventDate "2012.10.21"]
[EventType "team-tourn"]
[EventRounds "11"]
[EventCountry "CZE"]
[SourceTitle "EXT 2014"]
[Source "ChessBase"]
[SourceDate "2013.11.20"]
[SourceVersion "1"]
[SourceVersionDate "2013.11.20"]
[SourceQuality "1"]
[WhiteTeam "Kromeriz"]
[BlackTeam "Zlin"]
[WhiteTeamCountry "CZE"]
[BlackTeamCountry "CZE"]

1. d4 Nf6 2. c4 g6 3. Nc3 d5 4. Nf3 Bg7 5. g3 0-0 6. Bg2 c5 7. dxc5 Qa5 8. Qa4 Qxc5 9. Be3 Qxc4 10. Qxc4 dxc4 11. Ne5 Na6 12. Nxc4 Nb4 13. Rc1 Be6 14. Na5 Nfd5 15. Bd2 Rac8 16. Nxd5 Nxd5 17. Nxb7 Bxb2 18. Rxc8 Rxc8 19. 0-0 Nb6 20. Na5 Nc4 21. Nxc4 Rxc4 22. Be3 Ra4 23. Bc6 Rxa2 24. Kg2 Bb3 25. h4 h5 26. g4 hxg4 27. h5 a5 28. hxg6 fxg6 29. Kg3 Be6 30. Rd1 Be5+ 31. Kg2 Bd6 32. Bd4 Rc2 33. Be4 Rxe2 34. Bxg6 Bd5+ 35. Kf1 Bc4 36. Kg1 Bb4 37. Ba1 Re1+ 38. Rxe1 Bxe1 39. Kg2 a4 40. Bb2 Bb4 41. Bf5 a3 42. Bd4 Be2 43. Be6+ Kf8 44. Kg3 Bd2 45. Bc5 Bc1 46. Kh4 Bd1 47. Bd4 Bb2 48. Bc5 Bc2 49. Ba2 Bg6 50. Kxg4 Bf7 51. Bxa3 Bxa3 0-1

[Event "CZE-chT1E 1213"]
[Site "Czech Republic"]
[Date "2013.01.27"]
[Round "6.5"]
[White "Obsivac, Josef"]
[Black "Pavelka, Jindrich"]
[Result "1-0"]
[WhiteElo "2281"]
[BlackElo "2245"]
[PlyCount "75"]
[EventDate "2012.10.21"]
[EventType "team-tourn"]
[EventRounds "11"]
[EventCountry "CZE"]
[SourceTitle "EXT 2014"]
[Source "ChessBase"]
[SourceDate "2013.11.20"]
[SourceVersion "1"]
[SourceVersionDate "2013.11.20"]
[SourceQuality "1"]
[WhiteTeam "Grygov II"]
[BlackTeam "Kromeriz"]
[WhiteTeamCountry "CZE"]
[BlackTeamCountry "CZE"]

1. d4 Nf6 2. c4 c5 3. d5 b5 4. cxb5 a6 5. b6 Qxb6 6. Nc3 d6 7. e4 g6 8. Nf3 Nbd7 9. Nd2 Bg7 10. a4 0-0 11. Be2 Ne8 12. 0-0 e6 13. Ra3 Bd4 14. Nc4 Qc7 15. Bh6 Ng7 16. Kh1 Nf6 17. a5 Bb7 18. Nb6 Rab8 19. Bc4 Rfe8 20. f3 exd5 21. Bxd5 Nxd5 22. Ncxd5 Qd8 23. b4 Re5 24. Rd3 Rh5 25. Bf4 Ne6 26. Bg3 Qg5 27. f4 Qd8 28. f5 Ng7 29. fxg6 hxg6 30. Rxd4 cxd4 31. Nf6+ Kh8 32. Nxh5 Nxh5 33. Rxf7 Nxg3+ 34. hxg3 Qg5 35. Qxd4+ Qe5 36. Qxe5+ dxe5 37. Nd7 Rd8 38. Nf6 1-0

[Event "CZE-chT1E 1112"]
[Site "Czech Republic"]
[Date "2012.03.18"]
[Round "10.5"]
[White "Pavelka, Jindrich"]
[Black "Haba, Zdenek"]
[Result "1-0"]
[WhiteElo "2259"]
[BlackElo "2207"]
[PlyCount "73"]
[EventDate "2011.10.02"]
[EventType "team-tourn"]
[EventRounds "11"]
[EventCountry "CZE"]
[SourceTitle "EXT 2013"]
[Source "ChessBase"]
[SourceDate "2012.11.22"]
[SourceVersion "1"]
[SourceVersionDate "2012.11.22"]
[SourceQuality "1"]
[WhiteTeam "Kromeriz"]
[BlackTeam "Jihlava Gordic"]
[WhiteTeamCountry "CZE"]
[BlackTeamCountry "CZE"]

1. c4 g6 2. Nc3 c5 3. g3 Bg7 4. Bg2 Nc6 5. Nf3 e6 6. 0-0 Nge7 7. d3 0-0 8. Bg5 h6 9. Bd2 d5 10. cxd5 exd5 11. a3 Be6 12. Rb1 d4 13. Na4 b6 14. b4 cxb4 15. axb4 Nd5 16. Qc1 Rc8 17. Qb2 b5 18. Nc5 Nc3 19. Rbe1 Qd6 20. Bf4 Qe7 21. Na6 Na4 22. Qa3 Qb7 23. Nc5 Nxc5 24. bxc5 Bd5 25. e4 Be6 26. Bd6 Rfd8 27. Nh4 b4 28. Qb2 Qb5 29. Qd2 g5 30. Nf5 Bxf5 31. exf5 Re8 32. Bd5 Ne5 33. Qa2 b3 34. Qxa7 Qxd3 35. Bxe5 Rxe5 36. Qxf7+ Kh8 37. f6 1-0

[Event "CZE-chT1E 1112"]
[Site "Czech Republic"]
[Date "2012.02.26"]
[Round "9"]
[White "Pacl, Vaclav"]
[Black "Pavelka, Jindrich"]
[Result "0-1"]
[WhiteElo "2179"]
[BlackElo "2259"]
[PlyCount "82"]
[EventDate "2011.10.02"]
[EventType "team-tourn"]
[EventRounds "11"]
[EventCountry "CZE"]
[SourceTitle "EXT 2013"]
[Source "ChessBase"]
[SourceDate "2012.11.22"]
[SourceVersion "1"]
[SourceVersionDate "2012.11.22"]
[SourceQuality "1"]
[WhiteTeam "Ostrava Labortech II"]
[BlackTeam "Kromeriz"]
[WhiteTeamCountry "CZE"]
[BlackTeamCountry "CZE"]

1. e4 e6 2. Nf3 d5 3. Nc3 Nf6 4. e5 Nfd7 5. d4 c5 6. dxc5 Bxc5 7. Bd3 Nc6 8. Bf4 f6 9. exf6 Qxf6 10. Bg5 Qf7 11. Bh4 h6 12. 0-0 0-0 13. Bg3 a6 14. a3 b5 15. Ne2 e5 16. Nc3 Kh8 17. Nh4 Ne7 18. Qg4 Nf6 19. Ng6+ Nxg6 20. Qxg6 e4 21. Qxf7 Rxf7 22. Be2 d4 23. Na2 Bb7 24. Rad1 Bb6 25. Rd2 Rd8 26. Nc1 Rd5 27. Bd1 g5 28. Re1 Kg7 29. Be2 h5 30. h4 g4 31. Bf4 Rf5 32. Bg5 Nd5 33. Bf1 g3 34. fxg3 d3+ 35. Kh2 Rxf1 36. Rxf1 Rxf1 37. Nb3 Bg1+ 38. Kh3 Bc8+ 39. g4 Bxg4+ 40. Kg3 Bb6 41. cxd3 Bc7+ 0-1

[Event "CZE-chT1E 1112"]
[Site "Czech Republic"]
[Date "2011.12.11"]
[Round "5"]
[White "Pavelka, Jindrich"]
[Black "Vanek, Ladislav"]
[Result "1/2-1/2"]
[WhiteElo "2259"]
[BlackElo "2199"]
[PlyCount "83"]
[EventDate "2011.10.02"]
[EventType "team-tourn"]
[EventRounds "11"]
[EventCountry "CZE"]
[SourceTitle "EXT 2013"]
[Source "ChessBase"]
[SourceDate "2012.11.22"]
[SourceVersion "1"]
[SourceVersionDate "2012.11.22"]
[SourceQuality "1"]
[WhiteTeam "Kromeriz"]
[BlackTeam "Litovel II"]
[WhiteTeamCountry "CZE"]
[BlackTeamCountry "CZE"]

1. d4 Nf6 2. Bg5 e6 3. Nd2 c5 4. e3 d5 5. Ngf3 Nc6 6. c3 Be7 7. Bd3 h6 8. Bh4 cxd4 9. cxd4 Qb6 10. 0-0 Qxb2 11. Qe2 Qa3 12. Rab1 0-0 13. Rb3 Qd6 14. Bb1 g6 15. Bg3 Qd8 16. Ne5 Qe8 17. Bf4 Kg7 18. Rc1 Nh5 19. Nxc6 Nxf4 20. exf4 bxc6 21. Nf3 Bd6 22. Ne5 Rb8 23. Rxc6 Rxb3 24. axb3 Qe7 25. Qc2 Bxe5 26. fxe5 Bb7 27. Rc7 Qxc7 28. Qxc7 Rc8 29. Qxc8 Bxc8 30. Kf1 Kf8 31. Ke2 Ke7 32. Bd3 Bd7 33. Ke3 Kd8 34. h4 a5 35. Kf4 a4 36. bxa4 Bxa4 37. Ke3 Kc7 38. Kd2 Kb6 39. Be2 Bb5 40. Bd1 Ka5 41. h5 Kb4 42. f4 1/2-1/2

[Event "CZE-chT1E 0910"]
[Site "Czech Republic"]
[Date "2010.04.11"]
[Round "11.4"]
[White "Bazant, Petr Jr"]
[Black "Pavelka, Jindrich"]
[Result "1/2-1/2"]
[WhiteElo "2389"]
[BlackElo "2268"]
[PlyCount "55"]
[EventDate "2009.11.15"]
[EventType "team-tourn"]
[EventRounds "11"]
[EventCountry "CZE"]
[SourceTitle "EXT 2011"]
[Source "ChessBase"]
[SourceDate "2010.11.26"]
[SourceVersion "1"]
[SourceVersionDate "2010.11.26"]
[SourceQuality "1"]
[WhiteTeam "Stare Mesto"]
[BlackTeam "Kromeriz"]
[WhiteTeamCountry "CZE"]
[BlackTeamCountry "CZE"]

1. e4 e6 2. d4 d5 3. Nd2 c5 4. exd5 Qxd5 5. Ngf3 Nf6 6. Bb5+ Bd7 7. c4 Qd6 8. dxc5 Qxc5 9. Nb3 Qc7 10. 0-0 a6 11. Bxd7+ Nbxd7 12. Qd4 Rc8 13. Bf4 Qb6 14. Qxb6 Nxb6 15. Na5 Bb4 16. Nxb7 Nxc4 17. a3 Be7 18. b3 Nd5 19. Bg5 Nd6 20. Bxe7 Kxe7 21. Nxd6 Kxd6 22. Rfd1 Rc3 23. b4 g6 24. Ng5 Ke7 25. Ne4 Rc4 26. Nd2 Rc2 27. Nb3 Rhc8 28. g3 1/2-1/2

[Event "CZE-chT1E 0809"]
[Site "Czech Republic"]
[Date "2009.03.15"]
[Round "10.4"]
[White "Zigo, Viktor"]
[Black "Pavelka, Jindrich"]
[Result "0-1"]
[WhiteElo "2249"]
[BlackElo "2238"]
[PlyCount "84"]
[EventDate "2008.11.08"]
[EventType "team-tourn"]
[EventRounds "11"]
[EventCountry "CZE"]
[SourceTitle "EXT 2010"]
[Source "ChessBase"]
[SourceDate "2010.11.25"]
[SourceVersion "1"]
[SourceVersionDate "2010.11.25"]
[SourceQuality "1"]
[WhiteTeam "Jihlava"]
[BlackTeam "Kromeriz "]
[WhiteTeamCountry "CZE"]
[BlackTeamCountry "CZE"]

1. e4 c5 2. Nf3 g6 3. g3 Bg7 4. Bg2 Nc6 5. 0-0 d6 6. h3 Nf6 7. Re1 0-0 8. c3 Ne5 9. d4 Nxf3+ 10. Qxf3 Nd7 11. d5 e6 12. c4 exd5 13. cxd5 Ne5 14. Qe2 c4 15. Na3 Bd7 16. Bf4 b5 17. Rad1 Re8 18. Nc2 Nd3 19. Rxd3 cxd3 20. Qxd3 Qb6 21. Be3 Qa5 22. Qb3 Rac8 23. Rd1 Rc4 24. Nd4 Qa4 25. Bf1 Rb4 26. Qxa4 bxa4 27. b3 axb3 28. Nxb3 Ra4 29. Rc1 Rc8 30. Rxc8+ Bxc8 31. Bb5 Rxa2 32. Nd4 a6 33. Bc6 Bxh3 34. Nb3 a5 35. Kh2 Bg4 36. Nd2 Bc3 37. Nc4 Bf3 38. g4 Bxe4 39. Kg3 Bb4 40. Bf4 Rc2 41. Nxd6 Bxd6 42. Bxd6 Bxd5 0-1

[Event "CZE-chT1E 0607"]
[Site "Czech Republic"]
[Date "2007.03.18"]
[Round "10.5"]
[White "Pavelka, Jindrich"]
[Black "Babula, Milan"]
[Result "1/2-1/2"]
[WhiteElo "2193"]
[BlackElo "2303"]
[PlyCount "116"]
[EventDate "2006.10.15"]
[EventType "team"]
[EventRounds "11"]
[EventCountry "CZE"]
[SourceTitle "EXT 2008"]
[Source "ChessBase"]
[SourceDate "2007.11.25"]
[SourceVersion "1"]
[SourceVersionDate "2007.11.25"]
[SourceQuality "1"]

1. e4 e6 2. d4 d5 3. Nc3 Be7 4. Nf3 Nf6 5. Bd3 dxe4 6. Nxe4 Nxe4 7. Bxe4 Nd7 8. 0-0 Nf6 9. Bd3 0-0 10. Qe2 b6 11. Bg5 Bb7 12. Rad1 h6 13. Bh4 Qd5 14. c4 Qh5 15. d5 Rfe8 16. Bxf6 Bxf6 17. Qe4 g6 18. Qf4 Kg7 19. Rfe1 e5 20. Qe4 Bc8 21. Nd4 Bg4 22. Ne2 Qg5 23. Bb1 Bf5 24. Qe3 Qxe3 25. fxe3 Bxb1 26. Rxb1 e4 27. Red1 Be5 28. Nd4 a5 29. b3 h5 30. Nb5 Rad8 31. a3 f5 32. Rd2 g5 33. g3 Rh8 34. Rbd1 h4 35. gxh4 Rxh4 36. d6 Rg4+ 37. Kh1 cxd6 38. Nxd6 Kg6 39. Nf7 Re8 40. Nxe5+ Rxe5 41. Rd6+ Kh5 42. Rxb6 f4 43. b4 fxe3 44. Re1 Rf5 45. bxa5 e2 46. Rbb1 Rf2 47. a6 Rgg2 48. Rxe2 Rxh2+ 49. Kg1 Rhg2+ 50. Kh1 Rxe2 51. a7 Rh2+ 52. Kg1 Reg2+ 53. Kf1 e3 54. Rc1 Rf2+ 55. Kg1 Rhg2+ 56. Kh1 Rg3 57. a8Q Rh3+ 58. Kg1 Rg3+ 1/2-1/2

[Event "CZE-chT1E 0607"]
[Site "Czech Republic"]
[Date "2007.02.18"]
[Round "8.4"]
[White "Malik, Jan"]
[Black "Pavelka, Jindrich"]
[Result "0-1"]
[WhiteElo "2219"]
[BlackElo "2193"]
[PlyCount "60"]
[EventDate "2006.10.15"]
[EventType "team"]
[EventRounds "11"]
[EventCountry "CZE"]
[SourceTitle "EXT 2008"]
[Source "ChessBase"]
[SourceDate "2007.11.25"]
[SourceVersion "1"]
[SourceVersionDate "2007.11.25"]
[SourceQuality "1"]

1. e4 g6 2. d4 Bg7 3. Nc3 c5 4. Nf3 cxd4 5. Nxd4 Nc6 6. Be3 Nf6 7. Bc4 d6 8. f3 0-0 9. Bb3 Bd7 10. Qd2 Rc8 11. 0-0-0 Ne5 12. h4 h5 13. Bg5 Rc5 14. g4 hxg4 15. f4 Nc4 16. Qd3 b5 17. h5 Nxh5 18. e5 dxe5 19. Ndxb5 exf4 20. Bxc4 Rxg5 21. Qxd7 Qxd7 22. Rxd7 f3 23. Ne4 Re5 24. Nbc3 g3 25. Rdd1 Bh6+ 26. Kb1 g2 27. Rh4 Be3 28. Rg4 Kg7 29. Nd2 Bxd2 30. Rxd2 f5 0-1

[Event "CZE-chT1E 0607"]
[Site "Czech Republic"]
[Date "2006.11.12"]
[Round "2.5"]
[White "Belunek, Vladimir"]
[Black "Pavelka, Jindrich"]
[Result "1/2-1/2"]
[WhiteElo "2246"]
[BlackElo "2193"]
[PlyCount "97"]
[EventDate "2006.10.15"]
[EventType "team"]
[EventRounds "11"]
[EventCountry "CZE"]
[SourceTitle "EXT 2008"]
[Source "ChessBase"]
[SourceDate "2007.11.25"]
[SourceVersion "1"]
[SourceVersionDate "2007.11.25"]
[SourceQuality "1"]

1. d4 Nf6 2. c4 g6 3. Nc3 Bg7 4. e4 d6 5. Be2 0-0 6. Nf3 Na6 7. Bg5 h6 8. Bh4 Qe8 9. Nd2 e5 10. d5 Nc5 11. 0-0 Nfxe4 12. Ndxe4 Nxe4 13. Nxe4 f5 14. f3 fxe4 15. fxe4 Rf4 16. Rxf4 exf4 17. Qc2 g5 18. Bf2 Qe5 19. Rb1 g4 20. g3 f3 21. Bd3 b6 22. b4 a5 23. c5 axb4 24. cxb6 Qc3 25. bxc7 Qxc2 26. Bxc2 Rxa2 27. Bd3 Ra1 28. Rxa1 Bxa1 29. Be3 h5 30. Bf4 Bd4+ 31. Kf1 Bc5 32. e5 dxe5 33. Bxe5 Kf7 34. Ke1 Ke7 35. Kd2 Bd6 36. Bd4 Bxc7 37. Kc2 Bb7 38. Kb3 Bd6 39. Bc4 Bc8 40. Bf2 Bf5 41. Be1 Be4 42. Bxb4 Bxb4 43. Kxb4 Kd6 44. Kc3 Bxd5 45. Ba6 f2 46. Bf1 Kc5 47. Kd2 Bc4 48. Bxc4 Kxc4 49. Ke2 1/2-1/2

[Event "CZE-chT1 East 0506"]
[Site "Czech Republic"]
[Date "2006.02.05"]
[Round "7.4"]
[White "Pavelka, Jindrich"]
[Black "Skacelik, Petr"]
[Result "0-1"]
[WhiteElo "2216"]
[BlackElo "2232"]
[PlyCount "77"]
[EventDate "2005.10.23"]
[EventType "team"]
[EventRounds "11"]
[EventCountry "CZE"]
[SourceTitle "EXT 2008"]
[Source "ChessBase"]
[SourceDate "2007.11.25"]
[SourceVersion "1"]
[SourceVersionDate "2007.11.25"]
[SourceQuality "1"]

1. e4 c5 2. Nf3 e6 3. d4 cxd4 4. Nxd4 a6 5. Bd3 Bc5 6. Nb3 Be7 7. 0-0 d6 8. c4 Nf6 9. Nc3 0-0 10. Be3 Nbd7 11. f4 b6 12. Qe2 Bb7 13. Rad1 e5 14. f5 h6 15. Nd2 Rc8 16. Bb1 Qc7 17. Nd5 Bxd5 18. exd5 b5 19. cxb5 axb5 20. Nb3 Qb7 21. Na5 Qa6 22. Nc6 Rfe8 23. Nxe7+ Rxe7 24. Rd3 b4 25. Bxh6 Nc5 26. Bxg7 Kxg7 27. Rg3+ Kf8 28. Qe3 Ree8 29. Qh6+ Ke7 30. Rg6 Ncd7 31. g4 Rh8 32. Qg5 Qe2 33. h4 fxg6 34. fxg6 Qxg4+ 35. Qxg4 Nxg4 36. Rf7+ Kd8 37. g7 Rg8 38. Bh7 Ndf6 39. Bg6 0-1

[Event "CZE-chT1 East 0506"]
[Site "Czech Republic"]
[Date "2006.01.07"]
[Round "9.4"]
[White "Pavelka, Jindrich"]
[Black "Zpevak, Pavel"]
[Result "1/2-1/2"]
[WhiteElo "2216"]
[BlackElo "2358"]
[PlyCount "38"]
[EventDate "2005.10.23"]
[EventType "team"]
[EventRounds "11"]
[EventCountry "CZE"]
[SourceTitle "EXT 2008"]
[Source "ChessBase"]
[SourceDate "2007.11.25"]
[SourceVersion "1"]
[SourceVersionDate "2007.11.25"]
[SourceQuality "1"]

1. e4 c5 2. Nf3 e6 3. d4 cxd4 4. Nxd4 a6 5. Bd3 Qc7 6. 0-0 Nf6 7. Qe2 d6 8. c4 g6 9. Nc3 Bg7 10. Be3 0-0 11. Rac1 b6 12. f4 Nbd7 13. b4 Bb7 14. h3 Rac8 15. Qf2 Qb8 16. Nf3 Bc6 17. Nd4 Bb7 18. Nf3 Bc6 19. Nd4 Bb7 1/2-1/2

[Event "CZE-chT1 East 0506"]
[Site "Czech Republic"]
[Date "2005.12.11"]
[Round "4.5"]
[White "Hrubes, Pavel"]
[Black "Pavelka, Jindrich"]
[Result "0-1"]
[WhiteElo "2132"]
[BlackElo "2216"]
[PlyCount "58"]
[EventDate "2005.10.23"]
[EventType "team"]
[EventRounds "11"]
[EventCountry "CZE"]
[SourceTitle "EXT 2008"]
[Source "ChessBase"]
[SourceDate "2007.11.25"]
[SourceVersion "1"]
[SourceVersionDate "2007.11.25"]
[SourceQuality "1"]

1. c4 e5 2. Nc3 Bb4 3. g3 Nf6 4. Bg2 0-0 5. a3 Bxc3 6. dxc3 d6 7. Nf3 Nc6 8. 0-0 a5 9. a4 Bg4 10. h3 Bf5 11. Nd2 Qd7 12. g4 Bg6 13. e4 Nd8 14. Re1 Qc6 15. b3 Ne6 16. f3 Qb6+ 17. Kh2 Nc5 18. Bf1 h5 19. Kg2 hxg4 20. hxg4 Nh7 21. Qc2 f6 22. Bd3 Ng5 23. Rb1 Nge6 24. Nf1 Kf7 25. Ng3 Rh8 26. Be3 Nf4+ 27. Bxf4 exf4 28. Ne2 Nxd3 29. Qxd3 Rh2+ 0-1

[Event "CZE-chT1 East 0506"]
[Site "Czech Republic"]
[Date "2005.11.27"]
[Round "3.6"]
[White "Trombik, Karel"]
[Black "Pavelka, Jindrich"]
[Result "0-1"]
[WhiteElo "2228"]
[BlackElo "2216"]
[PlyCount "94"]
[EventDate "2005.10.23"]
[EventType "team"]
[EventRounds "11"]
[EventCountry "CZE"]
[SourceTitle "EXT 2008"]
[Source "ChessBase"]
[SourceDate "2007.11.25"]
[SourceVersion "1"]
[SourceVersionDate "2007.11.25"]
[SourceQuality "1"]

1. Nf3 d5 2. c4 c6 3. b3 Bf5 4. Bb2 e6 5. g3 Nf6 6. Bg2 h6 7. 0-0 Nbd7 8. d3 Be7 9. Nbd2 0-0 10. Rc1 a5 11. a3 Re8 12. Rc2 Bd6 13. Qa1 e5 14. cxd5 cxd5 15. Rfc1 Qe7 16. Nh4 Bh7 17. Bh3 g6 18. Ng2 Rad8 19. Ne3 Nb8 20. Bg2 Qe6 21. Nf3 Nc6 22. h3 g5 23. g4 Bb8 24. Rd2 d4 25. Nf1 Qxb3 26. Rdc2 Qe6 27. N3d2 Nd5 28. Ng3 Nf4 29. Bxc6 bxc6 30. Rxc6 Nxh3+ 31. Kh2 Qxg4 32. Rxh6 Nxf2 33. Nde4 Bxe4 34. dxe4 Nxe4 35. Rg1 Nxg3 36. Rxg3 e4 37. Rhh3 Qxe2+ 38. Kg1 Bxg3 39. Rxg3 Re5 40. Bxd4 Red5 41. Qc1 e3 42. Rg2 Qf3 43. Qc2 e2 44. Qd2 Qf1+ 45. Kh2 R8d6 46. Rxg5+ Rg6 47. Rxg6+ fxg6 0-1

[Event "CZE-chT2e 0405"]
[Site "Czech Republic"]
[Date "2004.12.19"]
[Round "5.2"]
[White "Pavelka, Jindrich"]
[Black "Mista, Ladislav"]
[Result "1/2-1/2"]
[WhiteElo "2141"]
[BlackElo "2214"]
[PlyCount "77"]
[EventDate "2004.10.17"]
[EventType "team"]
[EventRounds "11"]
[EventCountry "CZE"]
[SourceTitle "EXT 2007"]
[Source "ChessBase"]
[SourceDate "2006.11.23"]
[SourceVersion "1"]
[SourceVersionDate "2006.11.23"]
[SourceQuality "1"]

1. e4 c5 2. Nf3 Nc6 3. d4 cxd4 4. Nxd4 Nf6 5. Nc3 d6 6. f3 g6 7. Be3 Bg7 8. Qd2 0-0 9. Bc4 Bd7 10. 0-0-0 Rc8 11. Bb3 Ne5 12. h4 h5 13. Bg5 Rc5 14. Kb1 b5 15. g4 hxg4 16. f4 Nc4 17. Qd3 Qb8 18. Bxf6 Bxf6 19. Nd5 Kg7 20. h5 Rh8 21. hxg6 fxg6 22. Bxc4 bxc4 23. Qe3 Rcc8 24. Nxf6 exf6 25. f5 c3 26. b3 Qb4 27. Rxh8 Rxh8 28. Ne2 Qb8 29. fxg6 Kxg6 30. Nf4+ Kf7 31. Qxc3 Re8 32. Nd5 Re5 33. Rh1 Be6 34. Qe3 Rg5 35. Nxf6 Kxf6 36. Rh6+ Rg6 37. Qd4+ Kg5 38. Qe3+ Kf6 39. Qd4+ 1/2-1/2